Penulisan dalam Bahasa Malaysia Baku

Bibliographic Details
Main Author: Sulaiman Masri
Format: Book
Published: Kuala Lumpur : Dewan Bahasa Dan Pustaka , 1988

MARC

LEADER 00000cam a2200000 7i4500
001 0000078778
005 20180221.0
008 180221
020 |a 9836206000 
090 0 0 |a 652.1   |b SUL 
100 1 |a Sulaiman Masri 
245 1 0 |a Penulisan dalam Bahasa Malaysia Baku   |c Sulaiman Masri 
260 |a Kuala Lumpur :   |b Dewan Bahasa Dan Pustaka ,   |c 1988 
300 |a 172pg. 
500 |a Included bibliography 
999 |a 0000108886   |b Book   |c Adult Collection   |e Cawangan Muar